000 01310nam a2200325 a 4500
001 ebr5001738
003 CaPaEBR
006 m u
007 cr cn|||||||||
008 960104s1996 hiuab sb 001 0 eng
010 _z 96004368
020 _z0824817206 (alk. paper)
040 _aCaPaEBR
_cCaPaEBR
035 _a(OCoLC)49725548
050 1 4 _aDS554.98.A5
_bM36 1996eb
082 0 4 _a959.6
_220
100 1 _aMannikka, Eleanor.
245 1 0 _aAngkor Wat
_h[electronic resource] :
_btime, space, and kingship /
_cEleanor Mannikka.
260 _aHonolulu :
_bUniversity of Hawaii Press,
_cc1996.
300 _axv, 341 p. :
_bill. (some col.), maps.
504 _aIncludes bibliographical references (p. 329-333) and index.
533 _aElectronic reproduction.
_bPalo Alto, Calif. :
_cebrary,
_d2013.
_nAvailable via World Wide Web.
_nAccess may be limited to ebrary affiliated libraries.
610 2 0 _aAngkor Wat (Angkor)
650 0 _aBuddhist temples
_zCambodia
_zAngkor (Extinct city)
650 0 _aAstronomy, Khmer.
651 0 _aAngkor (Extinct city)
_xBuildings, structures, etc.
655 7 _aElectronic books.
_2local
710 2 _aebrary, Inc.
856 4 0 _uhttp://site.ebrary.com/lib/rucke/Doc?id=5001738
_zAn electronic book accessible through the World Wide Web; click to view
999 _c1340
_d1340